Word studies: (Record no. 15585)

000 -LEADER
fixed length control field 00757nam a2200193 a 4500
001 - CONTROL NUMBER
control field :::00014439$&:&@@
003 - CONTROL NUMBER IDENTIFIER
control field OkBaRHE
005 - DATE AND TIME OF LATEST TRANSACTION
control field 20000830153658.0
008 - FIXED-LENGTH DATA ELEMENTS--GENERAL INFORMATION
fixed length control field s1983 j 000 0 eng u
040 ## - CATALOGING SOURCE
Transcribing agency
100 1# - MAIN ENTRY--PERSONAL NAME
Personal name Wuest, Kenneth S.
245 10 - TITLE STATEMENT
Title Word studies:
Remainder of title in the Greek New Testament; vol. 2.
260 ## - PUBLICATION, DISTRIBUTION, ETC. (IMPRINT)
Place of publication, distribution, etc Grand Rapids, MI.,
Name of publisher, distributor, etc Wm. B. Eerdmans Publishing Co.
Date of publication, distribution, etc c1983
300 ## - PHYSICAL DESCRIPTION
Extent v. (1-4) ;
Dimensions 20 cm.
650 ## - SUBJECT ADDED ENTRY--TOPICAL TERM
Topical term or geographic name as entry element Bible New Testament
General subdivision Word Studies
942 ## - ADDED ENTRY ELEMENTS (KOHA)
Source of classification or shelving scheme
Koha item type Books
Copies
Date last seen Damaged status Withdrawn status Shelving location Barcode Not for loan Koha item type Lost status Source of classification or shelving scheme Full call number Total Renewals Date checked out Permanent Location Date acquired Copy number Price effective from Current Location Total Checkouts
2018-03-16  General Stacks14439 Books  BS 2333.2 .W8  RHEMA Bible Training College2010-04-1412010-04-14  
2019-05-09  General Stacks00019877 Books  BS 2333.2 .W8 V. 242019-03-29RHEMA Bible Training College2010-04-1422010-04-14RHEMA Bible Training College2